00635nam a2200169 a 450000100100000000500170001000800410002704000250006808200150009310000310010824500940013926000430023330000200027670000380029695201140033499900170044800002669420200930030346.0110324s1992 dr a 000 p spa d aDO-SdBNPbspacBNPHU axxxbR741f1 aRojo, Teresa Inés95380610aFlorecillas avemarianas /cTeresa Inés Rojo ; presentación Antonio Camilo González. aSanto Domingo :bEdiciones MSC,c1992. a76 p. ;c18 cm.1 aGonzález, Antonio Camilo953807 00107-18PDaPDbPDcOId2011-03-24iLF1l0oxxx R741fp26694-10r2020-06-25w2020-06-25yLFPDZNo se presta c26186d26186